000 01379nam a2200373Ia 4500
001 ebr10058394
003 CaPaEBR
006 m u
007 cr cn|||||||||
008 941020s1994 enka sb 001 0 eng d
010 _z 94221322
020 _z0203565517
020 _z1857281470
020 _z1857281489 (pbk.)
040 _aCaPaEBR
_cCaPaEBR
035 _a(OCoLC)52170802
050 1 4 _aD2009
_b.S63 1994eb
082 0 4 _a303.4094
_220
245 0 0 _aSocial change and political transformation
_h[electronic resource] /
_cedited by Chris Rootes & Howard Davis.
260 _aLondon :
_bUCL Press,
_c1994.
300 _aix, 210 p. :
_bill.
490 1 _aA New Europe
504 _aIncludes bibliographical references and index.
533 _aElectronic reproduction.
_bPalo Alto, Calif. :
_cebrary,
_d2009.
_nAvailable via World Wide Web.
_nAccess may be limited to ebrary affiliated libraries.
650 0 _aSocial change.
651 0 _aEurope
_xPolitics and government
_y1989-
651 0 _aEurope
_xSocial conditions
_y20th century.
655 7 _aElectronic books.
_2local
700 1 _aRootes, Chris,
_d1948-
700 1 _aDavis, Howard H.
710 2 _aebrary, Inc.
830 0 _aNew Europe? (UCL Press)
856 4 0 _uhttp://site.ebrary.com/lib/rucke/Doc?id=10058394
_zAn electronic book accessible through the World Wide Web; click to view
999 _c171550
_d171550